| 000 | 00409nam a2200157Ia 4500 | ||
|---|---|---|---|
| 008 | 210716s1993 xx 000 0 und d | ||
| 020 | _a0205145205 | ||
| 041 | _aeng | ||
| 082 | _a658.4 GORJ | ||
| 100 | _aGordon, Judith R. | ||
| 245 | _aDoagmpstic approach to organizational behavior. | ||
| 250 | _a4 | ||
| 260 |
_aBoston _bAllyn and Bacon _c1993 |
||
| 300 | _axv,752 | ||
| 650 | _aOrganisational Behavior | ||
| 999 |
_c203465 _d203465 |
||